Liverpool Transfers 2012-2014 - Statistics

General Stats
  • This quiz has been taken 912 times
    806 since last reset
  • The average score is 11 of 18
Answer Stats
In/out Season Fee (Millions of Pounds) Club Player % Correct
Incoming 13/14 7.0 Celto Vigo Iago Aspas
78%
Incoming 13/14 18.0 Paris Saint-Germain Mamadou Sakho
78%
Incoming 12/13 8.5 Inter Philippe Coutinho
78%
Incoming 12/13 12.0 Chelsea Daniel Sturridge
77%
Incoming 12/13 15.0 Swansea City Joe Allen
75%
Outgoing 13/14 15.0 West Ham Andy Carroll
73%
Incoming 13/14 10.0 Sunderland Simon Mignolet
66%
Outgoing 13/14 5.0 Swansea City Jonjo Shelvey
59%
Outgoing 13/14 6.0 West Ham Stewart Downing
59%
Outgoing 12/13 4.0 Stoke City Charlie Adam
56%
Incoming 13/14 6.8 Sevilla Luis Alberto
55%
Outgoing 12/13 1.0 Fenerbahce Dirk Kuyt
54%
Incoming 12/13 10.0 Roma Fabio Borini
54%
Outgoing 12/13 3.0 Fiorentina Alberto Aquilani
50%
Outgoing 13/14 2.0 Bolton Jay Spearing
47%
Incoming 13/14 7.0 Sporting Lisbon Tiago Ilori
43%
Incoming 12/13 2.3 Heerenveen Oussama Assaidi
42%
Incoming 12/13 1.0 Bayer Leverkusen Samed Yesil
29%
No matching quizzes found
Score Distribution
Percent of People with Each Score
Percentile by Number Answered
Your Score History
You have not taken this quiz since the last reset